000 00330nam a22001337a 4500
008 170621b xxu||||| |||| 00| 0 eng d
020 _a9780070490178
041 _aeng
080 _a32
100 _a20
101 _aSHP
245 _aWE THE PEOPLE A CONCISE INTRODUCTION TO AMERICAN POLITICS
_cPATTERSON,TH,E
942 _2udc
_cBK
999 _c18428
_d18428